[Event "Pan American-ch U20 Girls"]
[Site "San Salvador"]
[Date "2015.07.20"]
[Round "8"]
[White "Herrera, Marjorie"]
[Black "Guardado Flores, Diana Beatriz"]
[Result "1/2-1/2"]
[WhiteElo "1555"]
[BlackElo "1683"]
[PlyCount "72"]
[EventDate "2015.07.16"]
[EventType "tourn"]
[EventRounds "9"]
[EventCountry "ESA"]
[SourceTitle "EXT 2022"]
[Source "ChessBase"]
[SourceDate "2021.10.06"]
[SourceVersion "1"]
[SourceVersionDate "2021.10.06"]
[SourceQuality "1"]

1. e4 c5 2. Nf3 d6 3. d4 cxd4 4. Nxd4 Nf6 5. Nc3 Nc6 6. Bg5 e6 7. Qd2 a6 8. a4 Bd7 9. Be2 Be7 10. 0-0 h6 11. Be3 Qc7 12. f4 e5 13. Nb3 Rc8 14. f5 Nb4 15. a5 Bc6 16. Bb6 Qd7 17. Rad1 d5 18. exd5 Nbxd5 19. Bf3 Nxb6 20. axb6 Qxd2 21. Rxd2 Bxf3 22. Rxf3 Bb4 23. Re2 Nd7 24. Nd5 Bc5+ 25. Nxc5 Rxc5 26. Nc7+ Kd8 27. Rd3 Kc8 28. Nd5 Re8 29. Ree3 Rxc2 30. Rc3+ Rxc3 31. Rxc3+ Kb8 32. Rg3 Rg8 33. Ne7 Re8 34. Nd5 Rg8 35. Ne7 Re8 36. Nd5 Rg8 1/2-1/2

[Event "Pan American-ch U20 Girls"]
[Site "San Salvador"]
[Date "2015.07.17"]
[Round "3"]
[White "Guardado Flores, Diana Beatriz"]
[Black "Eswaran, Ashritha"]
[Result "0-1"]
[WhiteElo "1683"]
[BlackElo "2095"]
[PlyCount "122"]
[EventDate "2015.07.16"]
[EventType "tourn"]
[EventRounds "9"]
[EventCountry "ESA"]
[SourceTitle "EXT 2016"]
[Source "ChessBase"]
[SourceDate "2015.10.08"]
[SourceVersion "1"]
[SourceVersionDate "2015.10.08"]
[SourceQuality "1"]

1. e4 c5 2. Nf3 d6 3. d4 cxd4 4. Nxd4 Nf6 5. Nc3 g6 6. Bg5 Bg7 7. Bb5+ Bd7 8. Qe2 Bxb5 9. Qxb5+ Qd7 10. Qxd7+ Nbxd7 11. 0-0-0 h6 12. Be3 Ng4 13. Nd5 Nxe3 14. Nxe3 0-0 15. Nb3 Rfd8 16. f3 a6 17. Kb1 b5 18. Nd4 Rdc8 19. Nd5 Kf8 20. Rhe1 e6 21. Ne3 Nb6 22. b3 Ke7 23. f4 b4 24. g4 Bf6 25. Ne2 a5 26. f5 a4 27. Nd4 Rc5 28. Ne2 Rca5 29. Nc1 Bc3 30. Re2 Re5 31. Ng2 d5 32. fxe6 Rxe4 33. Rxe4 dxe4 34. exf7 Kxf7 35. Rf1+ Kg7 36. Ne2 Nd5 37. Ngf4 Ne3 38. Ne6+ Kg8 39. Rf4 Re8 40. Nxc3 bxc3 41. Rxe4 Nxg4 42. Rxg4 Rxe6 43. Rg1 a3 44. Kc1 Kg7 45. Kd1 Rd6+ 46. Kc1 Rd2 47. Rh1 Kf6 48. b4 Ke5 49. b5 Kd5 50. Rd1 Rxd1+ 51. Kxd1 Kc5 52. b6 Kxb6 53. Ke2 Kc5 54. Kd3 Kb4 55. Kd4 g5 56. Ke4 Kc4 57. Kf5 Kd4 58. Kg6 Ke3 59. Kxh6 Kd2 60. Kxg5 Kxc2 61. h4 Kb2 0-1